Psychopompe (Record no. 5062)

MARC details
000 -CABECERA
campo de control de longitud fija 01953cam a2200277 i 4500
001 - NÚMERO DE CONTROL
campo de control a41938047
003 - IDENTIFICADOR DEL NÚMERO DE CONTROL
campo de control SIRSI
005 - FECHA Y HORA DE LA ÚLTIMA TRANSACCIÓN
campo de control 20251020143805.0
008 - DATOS DE LONGITUD FIJA--INFORMACIÓN GENERAL
campo de control de longitud fija 230721t20232023fr e 000 f fre d
020 ## - NÚMERO INTERNACIONAL ESTÁNDAR DEL LIBRO
Número Internacional Estándar del Libro 9782226485618
035 ## - NÚMERO DE CONTROL DEL SISTEMA
Número de control de sistema (OCoLC)1391697313
037 ## - FUENTE DE ADQUISICIÓN
Número de adquisición 204015114
Fuente del número de adquisición Groupe Archambault
040 ## - FUENTE DE LA CATALOGACIÓN
Centro catalogador/agencia de origen TOH
Lengua de catalogación eng
Normas de descripción rda
Centro/agencia transcriptor TOH
Centro/agencia modificador AUXAM
-- IND
-- ZCU
-- IAY
-- TOH
-- OCLCO
-- EEM
-- PAU
-- UtOrBLW
041 ## - CÓDIGO DE LENGUA
Código de lengua del texto/banda sonora o título independiente fre
050 #4 - SIGNATURA TOPOGRÁFICA DE LA BIBLIOTECA DEL CONGRESO
Número de clasificación PQ2674.O778
Número de documento/Ítem P79 2023
100 ## - ENTRADA PRINCIPAL--NOMBRE DE PERSONA
Nombre de persona Nothomb, Amelie
Término indicativo de función/relación author
9 (RLIN) 14217
245 10 - MENCIÓN DE TÍTULO
Título Psychopompe
Mención de responsabilidad, etc. / Amélie Nothomb.
260 ## - PUBLICACIÓN, DISTRIBUCIÓN, ETC.
Lugar de publicación, distribución, etc. Paris :
Nombre del editor, distribuidor, etc. Albin Michel,
Fecha de publicación, distribución, etc. 2023.
300 ## - DESCRIPCIÓN FÍSICA
Extensión 156 pages, 1 unnumbered page ;
Dimensiones 20 cm.
520 ## - SUMARIO, ETC.
Sumario, etc. Dans Psychopompe, Amélie Nothomb se livre comme jamais auparavant. À travers une écriture à la fois poétique et introspective, elle évoque son lien intime avec la mort, la mémoire et la création. Ce récit autobiographique retrace son parcours d’écrivaine, depuis son enfance jusqu’à sa maturité, en explorant la manière dont l’écriture est devenue pour elle un guide — un « psychopompe » — entre le monde des vivants et celui des disparus. Entre confession et célébration, Nothomb signe ici un texte lumineux sur le pouvoir salvateur de la littérature et sur la beauté fragile de l’existence.
520 ## - SUMARIO, ETC.
Sumario, etc. In Psychopompe, Amélie Nothomb opens up more deeply than ever before. With poetic and introspective prose, she reflects on her intimate connection to death, memory, and the act of creation. This autobiographical story traces her journey as a writer—from childhood to maturity—revealing how writing became her guide, her “psychopomp,” between the world of the living and the dead. Both confession and celebration, this luminous work is a meditation on the saving power of literature and the fragile beauty of life itself.
546 ## - NOTA DE LENGUA/LENGUAJE
Nota de lengua/lenguaje In French.
655 #0 - TÉRMINO DE INDIZACIÓN--GÉNERO/FORMA
Datos o término principal de género/forma Mythological fiction
9 (RLIN) 26204
655 #0 - TÉRMINO DE INDIZACIÓN--GÉNERO/FORMA
Datos o término principal de género/forma Autobiographical fiction
9 (RLIN) 23158
942 ## - ELEMENTOS DE ENTRADA AGREGADA (KOHA)
Fuente del sistema de clasificación o colocación Clasificación de Library of Congress
Holdings
Estado de retiro Estado de pérdida Fuente del sistema de clasificación o colocación Estado dañado No para préstamo Biblioteca de origen Biblioteca actual Fecha de adquisición Total de préstamos Signatura topográfica completa Código de barras Fecha visto por última vez Fecha del último préstamo Número de copia Precio válido a partir de Tipo de ítem Koha
    Clasificación de Library of Congress     TBS Barcelona TBS Barcelona 20/10/2025 2 P-FR NOT B07714 28/04/2026 10/04/2026 1 20/10/2025 Book

Powered by Koha